| 000 | 00495nam a22001697a 4500 | ||
|---|---|---|---|
| 005 | 20251108164850.0 | ||
| 008 | 250721s1983 xx 000 0 ara d | ||
| 082 | 1 | 4 | _a815/محم |
| 100 | 1 | _aالخطيب، محمد خليل | |
| 245 | 1 | 0 | _aخطب المصطفى صلى الله عليه و سلم / |
| 264 | 1 |
_aالقاهرة : _bدار الإعتصام، _c1983. |
|
| 300 | _a366ص | ||
| 650 | 1 | 7 | _aالأدب العربي |
| 650 | 1 | 7 | _aالخطابة |
| 942 |
_2ddc _cBK |
||
| 999 |
_c16215 _d16215 |
||